La aventura submarina / (Record no. 56673)

MARC details
000 -LEADER
campo de control de longitud fija 00576nam a2200181 i 4500
001 - NÚMERO DE CONTROL
campo de control 56673
003 - IDENTIFICADOR DE NÚMERO DE CONTROL
campo de control ES-MaACL
005 - FECHA Y HORA DE LA ÚLTIMA TRANSACCIÓN
campo de control 20230906163425.0
007 - CAMPO FIJO DE DESCRIPCIÓN FÍSICA--INFORMACIÓN GENERAL
campo de control de longitud fija t|
008 - DATOS DE LONGITUD FIJA--INFORMACIÓN GENERAL
campo de control de longitud fija 031010s1953 sp ||||1| spa d
100 1# - ENTRADA PRINCIPAL--NOMBRE DE PERSONA
Nombre de persona Diole, Philippe.
9 (RLIN) 44849
245 13 - MENCIÓN DEL TÍTULO
Título La aventura submarina /
Mención de responsabilidad, etc. Philippe Diole ; [traducción del francés por Edmond Vallés y Ramón Huguet].
260 ## - PUBLICACIÓN, DISTRIBUCIÓN, ETC.
Lugar de publicación, distribución, etc. Barcelona :
Nombre del editor, distribuidor, etc. Aymá,
Fecha de publicación, distribución, etc. 1953 (
Fabricante Juventud)
300 ## - DESCRIPCIÓN FÍSICA
Extensión 241 p., 32 lám. ;
Dimensiones 22 cm.
700 1# - ENTRADA AGREGADA--NOMBRE PERSONAL
Nombre de persona Vallès, Edmon.
9 (RLIN) 112874
700 1# - ENTRADA AGREGADA--NOMBRE PERSONAL
Nombre de persona Huguet, Ramón.
9 (RLIN) 64646
852 ## - LOCALIZACIÓN
Ubicación ES-MaACL
Número de control de estantería D-9042
Sublocalización o colección R.34321
Holdings
Estatus retirado Estado de pérdida Estado de daño No para préstamo Biblioteca de origen Biblioteca actual Ubicación en estantería Fecha de adquisición Fuente de adquisición Total de préstamos Signatura topográfica completa Código de barras Visto por última vez Precio de reemplazo Tipo de ítem Koha
        Biblioteca del Ateneo de Madrid Biblioteca del Ateneo de Madrid Sala Valle Inclán 17/01/2008     D-9042 901059514 23/02/2023 23/02/2023 Libro impreso